Εισήγηση Αισθητικής Αγωγής (Record no. 4323)
[ view plain ]
| 000 -LEADER | |
|---|---|
| fixed length control field | 01436cam a22001814a 4500 |
| 005 - ΗΜΕΡΟΜΗΝΙΑ ΚΑΙ ΩΡΑ ΤΕΛΕΥΤΑΙΑΣ ΕΝΗΜΕΡΩΣΗΣ | |
| Πεδίο ελέγχου | 20250605164143.0 |
| 008 - FIXED-LENGTH DATA ELEMENTS--GENERAL INFORMATION | |
| Πεδίο ελέγχου σταθερού μήκους | 250528s ||||||||||||||||||||||||d |
| 035 ## - SYSTEM CONTROL NUMBER | |
| System control number | 19038 |
| 040 ## - ΠΗΓΗ ΚΑΤΑΛΟΓΟΓΡΑΦΗΣΗΣ | |
| Φορέας πρωτότυπης καταλογογράφησης | MC Athens Campus Library |
| Γλώσσα καταλογογράφησης | Ελληνικά, Μοντέρνα (1453-) |
| Modifying agency | MC Athens Campus Library |
| Κανόνες περιγραφικής καταλογογράφησης | AACR2 |
| 245 1# - ΤΙΤΛΟΣ ΚΑΙ ΔΗΛΩΣΗ ΥΠΕΥΘΥΝΟΤΗΤΑΣ | |
| Τίτλος | Εισήγηση Αισθητικής Αγωγής |
| 260 ## - PUBLICATION, DISTRIBUTION, ETC. | |
| Name of publisher, distributor, etc. | Αθήνα, |
| Date of publication, distribution, etc. | 1986 |
| 300 ## - PHYSICAL DESCRIPTION | |
| Extent | 88 |
| 520 ## - SUMMARY, ETC. | |
| Summary, etc. | Πρόλογος, Αφετηρίες και Πηγές της Εργασίας μας, Εισαγωγή, Η Εικαστική Αντίληψη στο Παιδί, Η Νέα Εικαστική Αντίληψη στις Ξένες Χώρες, Το Περιεχόμενο της Βασικής Εικαστικής Σχολικής Παιδείας - Προβληματισμοί και Πηγές της Θεματολογίας της, Η Εικαστική Εκπαίδευση στις Μικρές Ηλικίες, Η Οργάνωση του Μαθήματος της Αισθητικής Αγωγής - Επιδιωκόμενοι Στόχοι, Το Νέο Αναλυτικό Πρόγραμμα, Οδηγίες για την Εφαρμογή του Νέου Αναλυτικού Προγράμματος, Επίλογος, Επιστολή προς τους Σχολικούς Συμβούλους της Πρωτοβάθμιας Εκπαίδευσης, Βιβλιογραφία. |
| 700 1# - ΠΡΟΣΘΕΤΗ ΑΝΑΓΡΑΦΗ--ΦΥΣΙΚΟ ΠΡΟΣΩΠΟ | |
| Personal name | Μουζάκης Τάσος |
| 9 (RLIN) | 5311 |
| 942 ## - ADDED ENTRY ELEMENTS (KOHA) | |
| Koha item type | Books |
| Τύπος τεκμηρίου | Βιβλιοθήκη | Τρέχουσα τοποθεσία | Barcode | Αριθμός εισαγωγής | Ημερομηνία απόκτησης | Ταξιθετικό σύμβολο | Αριθμός αντιτύπου | Κατάσταση απόσυρσης | Κατάσταση χαμένου | Κατάσταση κατεστραμμένου | Μη δανεισμός | Σύνολο δανεισμών | Ημερομηνία τελευταίας εμφάνισης | Η τιμή ισχύει από |
|---|---|---|---|---|---|---|---|---|---|---|---|---|---|---|
| Books | MC Athens Campus Library | MC Athens Campus Library | 9780000043221 | 3975 | 05/06/2025 | 372.5 MOU | 1 | 05/06/2025 | 05/06/2025 |